000 00608nam a2200229Ia 4500
003 OSt
005 20220918202623.0
006 a|||||r|||| 00| 0
007 ta
008 220917b |||||||| |||| 00| 0 eng d
024 _a102,597
037 _cTextual
040 _aARTS
_cARTS
_beng
041 _2eng
_aeng
082 _aV262.N5, L5
100 _aBaumer Rachel Van M ed
_93471
245 0 _aAspects of Bengali history and society
260 _aN.D
_bVikas pub
_c1975
650 _aHISTORY
942 _hV262.N5, L5
_cTEXL
_2CC
999 _c226051
_d226051